000 01704cam a2200421 4500
001 WB4020-14
008 040525n2004 000 0 eng u
035 _a(Sirsi) u126280
245 _aTown centre retail reviewed
260 _c2004
490 _aCABE Press Release
_v18 May 2004 (3)
520 _aIn its new report "Design reviewed town centre retail" CABE hails the policy of successive governments, in particular the introduction of PPG6, in stemming the flight of retail activity from town centres to out-of-town-locations, as a way of securing future retail-led urban and economic regeneration. Although the main beneficiaries so far have been cities such as Birmingham, the report predicts other cities such as Sheffield will experience similar effects over the next 10 years, asks whether secondary locations such as Bradford can repeat the success and stresses how PPG6 has enhanced the offer of historic cities such as Bath. The report is available at http://www.cabe.org.uk/publications/. http://www.cabe.org.uk/news/press/showPRelease.asp ?id=632
590 _aWB
590 _aWB
650 _aMANCHESTER
650 _aSOUTHAMPTON
650 _aREADING
650 _aBIRMINGHAM
650 _aPLANNING POLICY
650 _aRETAIL DEVELOPMENTS
650 _aSHEFFIELD
650 _aLIVERPOOL
650 _aEXETER
650 _aPRESTON
650 _aBATH
650 _aHARROGATE
650 _aCHESTER
650 _aWINCHESTER
650 _aBRADFORD
650 _aTELFORD
650 _aSTOCKPORT
650 _aSWINDON
650 _aPPG6
650 _aTOWN CENTRE RETAIL
650 _aOUT-OF-TOWN RETAIL
690 _aREGENERATION
942 _n0
999 _c117393
_d117393